| 000 | 01329nam0a22003011 4500 | ||
|---|---|---|---|
| 001 | rc\3805844 | ||
| 005 | 20250530055520.0 | ||
| 021 |
_aRU _b[76-3185] |
||
| 035 | _a(NLR Aleph) 007257803 | ||
| 090 |
_a5274724 _c5274724 |
||
| 100 | _a20120311d1975 |||y0rusy50 ca | ||
| 101 | 0 | _arus | |
| 102 | _aRU | ||
| 105 | _aa z ||||| | ||
| 200 | 1 |
_aМетоды изучения просадочности лессовых пород с целью ирригационного освоения целинных земель _fГ.А. Мавлянов, К.П. Пулатов _gАН СССР, Ин-т сейсмологии, Ташк. политехн. ин-т |
|
| 210 |
_aТашкент _cФан _d1975 |
||
| 215 |
_a80 с., 1 л. схем. _cил. _d26 |
||
| 320 | _aСписок лит.: с. 78-79 | ||
| 606 |
_aОросительные системы на лессовидных грунтах _yСредняя Азия _2psbo |
||
| 606 |
_aЛессовые породы _xПросадка _2psbo |
||
| 700 | 1 |
_4070 _7ca _8rus _aМавлянов _bГ. А. _f1910-1988 _gГани Арифханович _9267303 _3RU\NLR\AUTH\770267359 |
|
| 701 | 1 |
_aПулатов _bК.П. _gКарим Пулатович |
|
| 801 | 0 |
_aRU _bNLR _gpsbo |
|
| 801 | 1 |
_aRU _bELAR _2rusmarc |
|
| 852 |
_aNLR _j76-7/380 |
||
| 942 | _cBOOK | ||
| 980 | _aNB | ||